|
|
|
|
| LEADER |
01281ppm a22002778a 4500 |
| 001 |
00029765 |
| 005 |
20171026081022.0 |
| 008 |
121121s2010 ||||||viesd |
| 041 |
0 |
# |
|a vie
|
| 082 |
1 |
4 |
|b H411Đ
|a 510.71
|
| 100 |
1 |
# |
|a Lê, Xuân Trường
|
| 245 |
0 |
0 |
|a Hoạt động hóa người học trong quá trình dạy học môn phương pháp dạy học toán cho hệ đào tạo giáo viên trung học cơ sở
|b Luận án tiến sĩ Giáo dục học. Chuyên ngành: Lý luận và phương pháp dạy học bộ môn Toán. Mã số: 62.14.10.01
|c Lê Xuân Trường; Vương Dương Minh (hướng dẫn)
|
| 260 |
# |
# |
|c 2010
|a H.
|b Đại học SP Hà Nội
|
| 300 |
# |
# |
|a 196 tr.
|c 30cm.
|
| 500 |
# |
# |
|a ĐTTTS ghi: Bộ giáo dục và đào tạo. Trường Đại học SP Hà Nội
|
| 653 |
# |
# |
|a Luận án
|
| 653 |
# |
# |
|a Trung học cơ sở
|
| 653 |
# |
# |
|a Toán
|
| 653 |
# |
# |
|a Phương pháp dạy học
|
| 700 |
1 |
# |
|a Vương, Dương Minh
|e Hướng dẫn
|
| 852 |
# |
# |
|b Kho đọc SĐH
|j LA.0000003
|
| 852 |
# |
# |
|j LA.0000003
|
| 910 |
|
|
|d 21/11/2012
|
| 980 |
# |
# |
|a Trung tâm Học liệu Lê Vũ Hùng, Trường Đại học Đồng Tháp
|